• 首页
  • 本馆介绍
  • 公告通知
  • 最新文献
  • 馆藏检索
  • 电子资源
  • 读者导购
  • 参考咨询
  • 我的图书馆
  • 登录
  • 详细信息显示
  • 放入我的书架
  • 预约/预借图书
  • 作者相关作品
  • 分类相关作品
  • 丛书相关作品
  • 出版社相关作品

书目信息

  • 表格格式
  • 工作单格式
  • 卡片格式
题名:
教育设施建筑
    
 
作者: ;韩国产业文化出版社 编
分册:  
出版信息: 长春   吉林科学技术出版社  2003
页数: 192页
开本: 28cm
丛书名: 韩国现代建筑
单 册:
中图分类: TU244
科图分类:
主题词: 教育建筑--建筑设计--韩国--现代
电子资源:
ISBN: 7-5384-2715-5
000 00860oam2 2200253 45
001 070023564660
005 20051229105138.64
010    @a7-5384-2715-5@dCNY49.80
092    @aCN
100    @a20041224d2003 ekmy0chiy0120 ea
101 1  @achi@ckor
102    @aCN@b220000
105    @aa z 000yy
200 1  @a教育设施建筑@Ajiao yu she shi jian zhu@f韩国产业文化出版社编@FHan Guo Chan Ye Wen Hua Chu Ban She Bian
210    @a长春@c吉林科学技术出版社@d2003
215    @a192页@d28cm
225 2  @a韩国现代建筑
330    @a本书的设计理念强调人文与现代化因素,突出采用材料的多样性,注意营造舒适方便的空间结构,并格外注重光线和利用与建筑设计的便利性。
410    @12001 @a韩国现代建筑
606 0  @a教育建筑@x建筑设计@y韩国@z现代
690    @aTU244@v4
711 02 @a韩国产业文化出版社@4编
801  0 @aCN@bCXYBOOK@c20051229
905    @a10447@dTU244@e210
    
    教育设施建筑/韩国产业文化出版社编.-长春:吉林科学技术出版社,2003
    192页;28cm.-(韩国现代建筑)
    
    
    ISBN 7-5384-2715-5:CNY49.80
    本书的设计理念强调人文与现代化因素,突出采用材料的多样性,注意营造舒适方便的空间结构,并格外注重光线和利用与建筑设计的便利性。
●
相关链接 在E读中查询图书 在五车中查询图书 在当当中查询图书 在豆瓣中查询图书


正题名:教育设施建筑     索取号:TU244/210         预约/预借

序号 登录号 条形码 馆藏地/架位号 状态 备注
1 0357040   3570406   第二样本阅览室/ [索取号:TU244/210] 在馆    
2 0373040   203730409   第三借阅区/ [索取号:TU244/210] 在馆    
3 0373041   203730418   第三借阅区/ [索取号:TU244/210] 在馆    
4 0373042   203730427   第三借阅区/ [索取号:TU244/210] 在馆    
5 0373043   203730436   第三借阅区/ [索取号:TU244/210] 在馆    
6 0373044   203730445   第三借阅区/ [索取号:TU244/210] 在馆    
唐山师范学院图书馆 欢迎您!
大连网信软件有限公司© 版权所有